[Event "12th Maria Albulet Memorial 2019"]
[Site "Braila"]
[Date "2019.10.02"]
[Round "1.1"]
[White "Verbin, Valentina"]
[Black "Cosma, Elena-Luminita"]
[Result "1-0"]
[WhiteElo "2076"]
[BlackElo "2313"]
[Annotator "TA"]
[PlyCount "93"]
[EventDate "2019.10.02"]
[EventType "swiss"]
[EventCountry "ROU"]
[SourceTitle "playchess.com"]
[Source "ChessBase"]
[SourceQuality "1"]

{[%evp 15,93,16,21,16,19,0,27,16,6,22,133,132,140,133,136,129,131,134,138,109,107,104,111,105,106,99,114,107,134,135,135,99,119,112,114,70,106,106,197,185,504,604,577,567,595,592,581,576,537,516,678,669,664,661,570,535,29962,29965,29964,29966,1008,462,417,391,29974,29975,29975,29976,29977,29977,29977,29978,29981,29982,29982,29983,29985,29981,29979,29979]} 1. e4 e6 2. d4 d5 3. exd5 exd5 4. Nf3 Bg4 5. Bd3 Nc6 6. c3 Bd6 7. O-O Nge7 8. Re1 Qd7 9. a4 {C01: French: Exchange Variation} (9. b4 O-O 10. Nbd2 Ng6 11. Qc2 Rae8 12. Bb2 Kh8 13. h3 Bxh3 14. gxh3 Qxh3 15. Bf5 Qh5 16. Bxg6 Qg4+ 17. Kf1 {0-1 (49) Tari,A (2625)-Tomczak,J (2631) chess.com INT 2019}) 9... O-O 10. Na3 Rae8 11. Nc2 $146 {White has an edge.} ({Predecessor:} 11. Nb5 Nc8 12. Be3 a6 13. Nxd6 Nxd6 14. h3 Bf5 15. Qc2 Bxd3 16. Qxd3 {½-½ (104) Andersson,C (2080)-Milligan,H (2138) Batumi 1999}) 11... Ng6 12. Ne3 Bf4 (12... f5 $11 {remains equal.}) 13. Nxg4 $16 Qxg4 {[#]} 14. Rxe8 $1 Rxe8 15. h3 Qd7 16. Bxg6 $1 Bxc1 {[#]} 17. Bxh7+ $1 {[%mdl 512]} Kxh7 18. Qc2+ Kg8 {Hoping for ...Bf4.} 19. Rxc1 f6 20. b4 Re4 21. Nd2 Re2 22. Qd3 Re7 23. Nb3 b6 24. a5 Nd8 25. Ra1 Nf7 26. Qa6 $36 {[%mdl 2048] White is in control.} Qe8 (26... bxa5 $16 27. Nxa5 Nd6) 27. Qxa7 $18 {Black must now prevent Qb7.} Re1+ $2 (27... Ng5 {is more resistant.} 28. Kh2 (28. axb6 Re1+ 29. Kh2 Rxa1 $18) 28... Re2) 28. Rxe1 Qxe1+ 29. Kh2 Qxf2 30. Qxc7 bxa5 31. bxa5 Ng5 32. Qc8+ Kh7 {( -> ...Nf3+)} 33. Qg4 Qa2 34. Nc5 Qxa5 35. h4 {Threatens to win with Qh5+.} Nf7 36. Ne6 {[%csl Ge6][%cal Rg4g7]} g6 37. h5 Ng5 38. Nxg5+ fxg5 39. Qxg5 Qxc3 $2 (39... gxh5 $18 40. Qxh5+ Kg8) 40. Qxg6+ {[%mdl 4096] Endgame KQ-KQ. White mates.} Kh8 41. Qf6+ Kh7 42. Qf7+ Kh8 43. Qxd5 Qd2 44. Qe5+ Kh7 45. d5 Qd3 46. Qe7+ Kh6 47. Qe6+ {Accuracy: White = 73%, Black = 33%.} 1-0

[Event "12th Maria Albulet Memorial 2019"]
[Site "Braila"]
[Date "2019.10.02"]
[Round "1.2"]
[White "Doluhanova, Evgeniya"]
[Black "Bucur, Denisa-Andreea"]
[Result "1-0"]
[WhiteElo "2285"]
[BlackElo "1888"]
[Annotator "NA"]
[PlyCount "77"]
[EventDate "2019.10.02"]
[EventType "swiss"]
[EventCountry "ROU"]
[SourceTitle "playchess.com"]
[Source "ChessBase"]
[SourceQuality "1"]
[TimeControl "40/5400+30:900+30"]

1. Nf3 {[%emt 0:00:00]} d5 {[%emt 0:00:00]} 2. b3 {[%emt 0:00:05]} Bg4 {[%emt 0:00:00]} 3. e3 {[%emt 0:01:02]} Nf6 {[%emt 0:00:20]} 4. Bb2 {[%emt 0:00:13]} e6 {[%emt 0:00:53]} 5. Be2 {[%emt 0:00:29]} c6 {[%emt 0:00:51]} 6. d3 {[%emt 0:00:48]} Nbd7 {[%emt 0:02:59]} 7. h3 {[%emt 0:02:13]} Bxf3 {[%emt 0:01:23]} 8. Bxf3 {[%emt 0:00:09]} Qc7 {[%emt 0:03:04]} 9. O-O {[%emt 0:00:42]} Bd6 {[%emt 0:02:52]} 10. c4 {[%emt 0:00:51]} O-O {[%emt 0:01:05]} 11. Nc3 {[%emt 0:00:12]} Rfd8 {[%emt 0:08:57]} 12. cxd5 {[%emt 0:02:19]} exd5 {[%emt 0:00:45]} 13. Rc1 {[%emt 0:00:08]} Nb6 {[%emt 0:13:24]} 14. Nb5 {[%emt 0:06:21]} Qe7 {[%emt 0:00:20]} 15. Nxd6 {[%emt 0:00:08]} Qxd6 {[%emt 0:00:04]} 16. Qc2 {[%emt 0:00:42]} a5 {[%emt 0:03:20]} 17. Rfe1 {[%emt 0:02:01]} Nfd7 {[%emt 0:03:18]} 18. e4 {[%emt 0:01:48]} Re8 {[%emt 0:01:14]} 19. Qc3 {[%emt 0:02:06]} f6 {[%emt 0:02:29]} 20. Qd4 {[%emt 0:10:07]} Qb4 {[%emt 0:15:46]} 21. Bc3 {[%emt 0:03:25]} Qb5 {[%emt 0:06:41]} 22. Bd2 {[%emt 0:16:17]} c5 {[%emt 0:05:06]} 23. Qc3 {[%emt 0:00:36]} d4 {[%emt 0:00:27]} 24. Qc2 {[%emt 0:00:07]} a4 {[%emt 0:03:05]} 25. Rb1 {[%emt 0:02:58]} axb3 {[%emt 0:09:13]} 26. Rxb3 {[%emt 0:00:20]} Qa6 {[%emt 0:00:48]} 27. Bg4 {[%emt 0:02:38]} Qxa2 {[%emt 0:03:30]} 28. Rb2 {[%emt 0:00:13]} Qa4 {[%emt 0:02:58]} 29. Reb1 {[%emt 0:06:22]} Qxc2 {[%emt 0:01:58]} 30. Rxc2 {[%emt 0:00:08]} Ra3 {[%emt 0:03:40]} 31. Bf4 {[%emt 0:05:27]} Rxd3 {[%emt 0:04:10]} 32. Bc7 {[%emt 0:00:00]} Na8 33. Bxd7 Re7 {[%emt 0:00:58]} 34. Bb5 {[%emt 0:01:11]} Ra3 {[%emt 0:00:45]} 35. Bd6 {[%emt 0:00:52]} Rxe4 {[%emt 0:00:03]} 36. Bxc5 Rc3 {[%emt 0:00:04]} 37. Bc4+ {[%emt 0:03:32]} Kh8 38. Rxb7 {[%emt 0:01:24]} Re8 {[%emt 0:00:35]} 39. Re2 {[%emt 0:02:48]} 1-0

[Event "12th Maria Albulet Memorial 2019"]
[Site "Braila"]
[Date "2019.10.02"]
[Round "1.3"]
[White "Didiliuc, Dariana-Gabriela"]
[Black "Navrotescu, Andreea-Cristiana"]
[Result "0-1"]
[WhiteElo "1798"]
[BlackElo "2241"]
[Annotator "NA"]
[PlyCount "108"]
[EventDate "2019.10.02"]
[EventType "swiss"]
[EventCountry "ROU"]
[SourceTitle "playchess.com"]
[Source "ChessBase"]
[SourceQuality "1"]
[TimeControl "40/5400+30:900+30"]

1. d4 {[%emt 0:00:00]} Nf6 {[%emt 0:00:00]} 2. c4 {[%emt 0:00:00]} e6 {[%emt 0:00:00]} 3. Nc3 {[%emt 0:00:00]} Bb4 {[%emt 0:00:00]} 4. Qc2 {[%emt 0:00:12]} O-O {[%emt 0:00:08]} 5. Nf3 {[%emt 0:00:21]} c5 {[%emt 0:00:13]} 6. dxc5 {[%emt 0:00:31]} Na6 {[%emt 0:00:08]} 7. g3 {[%emt 0:04:15]} Nxc5 {[%emt 0:01:17]} 8. Bg2 {[%emt 0:01:06]} Nce4 {[%emt 0:00:34]} 9. O-O {[%emt 0:00:53]} Nxc3 {[%emt 0:00:13]} 10. bxc3 {[%emt 0:00:07]} Be7 {[%emt 0:00:23]} 11. Bf4 {[%emt 0:01:55]} d6 {[%emt 0:03:44]} 12. Rfd1 {[%emt 0:01:44]} Qc7 {[%emt 0:00:23]} 13. Qb3 {[%emt 0:04:45]} Rb8 {[%emt 0:16:45]} 14. Be3 {[%emt 0:16:51]} b6 {[%emt 0:16:31]} 15. Nd4 {[%emt 0:06:46]} Bd7 {[%emt 0:00:09]} 16. Nb5 {[%emt 0:00:51]} Bxb5 {[%emt 0:00:14]} 17. cxb5 {[%emt 0:00:07]} Ng4 {[%emt 0:00:09]} 18. Rd3 {[%emt 0:04:53]} Nxe3 {[%emt 0:02:35]} 19. Rxe3 {[%emt 0:00:12]} d5 {[%emt 0:01:04]} 20. Rd3 {[%emt 0:02:00]} Rfd8 {[%emt 0:03:49]} 21. Rad1 {[%emt 0:03:36]} h5 {[%emt 0:02:35]} 22. e4 {[%emt 0:01:58]} dxe4 {[%emt 0:00:22]} 23. Bxe4 {[%emt 0:00:13]} h4 {[%emt 0:03:34]} 24. Bc6 {[%emt 0:08:59]} Qe5 {[%emt 0:10:03]} 25. Rxd8+ {[%emt 0:19:30]} Rxd8 {[%emt 0:02:52]} 26. Rxd8+ {[%emt 0:07:55]} Bxd8 {[%emt 0:00:03]} 27. Kf1 {[%emt 0:00:25]} Be7 {[%emt 0:02:23]} 28. Bf3 {[%emt 0:03:49]} Qf5 {[%emt 0:03:19]} 29. c4 {[%emt 0:01:37]} Bc5 {[%emt 0:00:47]} 30. g4 {[%emt 0:00:27]} Qf4 {[%emt 0:00:52]} 31. h3 {[%emt 0:00:38]} Qd4 {[%emt 0:04:40]} 32. Qc2 {[%emt 0:00:25]} g6 {[%emt 0:00:29]} 33. Be4 {[%emt 0:02:39]} f5 {[%emt 0:01:02]} 34. Bf3 {[%emt 0:01:03]} Kg7 {[%emt 0:01:05]} 35. Qe2 {[%emt 0:01:59]} Kf6 {[%emt 0:01:05]} 36. gxf5 {[%emt 0:00:29]} gxf5 {[%emt 0:01:16]} 37. Kg2 {[%emt 0:01:28]} e5 {[%emt 0:02:34]} 38. Bd5 {[%emt 0:03:37]} Qf4 {[%emt 0:03:22]} 39. Qc2 {[%emt 0:00:24]} Kg6 {[%emt 0:01:27]} 40. Qe2 {[%emt 0:00:00]} e4 {[%emt 0:00:00]} 41. Bc6 {[%emt 0:06:02]} Kh7 {[%emt 0:06:16]} 42. Qh5+ {[%emt 0:01:45]} Kg7 {[%emt 0:00:01]} 43. Qe2 {[%emt 0:00:13]} Bd4 {[%emt 0:02:36]} 44. Bd5 {[%emt 0:03:41]} Kf6 {[%emt 0:02:02]} 45. Bc6 {[%emt 0:06:25]} Qg5+ {[%emt 0:01:04]} 46. Kf1 {[%emt 0:00:24]} Qf4 {[%emt 0:02:33]} 47. Kg2 {[%emt 0:00:39]} Ke5 {[%emt 0:05:38]} 48. Bd5 {[%emt 0:00:28]} Kd6 {[%emt 0:00:36]} 49. Bc6 {[%emt 0:00:25]} Kc5 {[%emt 0:03:03]} 50. Bd5 {[%emt 0:00:07]} e3 {[%emt 0:00:23]} 51. Bf3 {[%emt 0:00:52]} Qg5+ {[%emt 0:00:22]} 52. Kh1 {[%emt 0:00:33]} exf2 {[%emt 0:00:15]} 53. Bg2 {[%emt 0:00:11]} f4 {[%emt 0:05:46]} 54. Qf1 {[%emt 0:00:56]} f3 {[%emt 0:00:14]} 0-1

[Event "12th Maria Albulet Memorial 2019"]
[Site "Braila"]
[Date "2019.10.02"]
[Round "1.4"]
[White "Makropoulou, Marina"]
[Black "Mihailova, Alina"]
[Result "1/2-1/2"]
[WhiteElo "2201"]
[BlackElo "1770"]
[Annotator "NA"]
[PlyCount "91"]
[EventDate "2019.10.02"]
[EventType "swiss"]
[EventCountry "ROU"]
[SourceTitle "playchess.com"]
[Source "ChessBase"]
[SourceQuality "1"]
[TimeControl "40/5400+30:900+30"]

1. e4 {[%emt 0:00:00]} e5 {[%emt 0:00:00]} 2. Nf3 {[%emt 0:00:00]} Nc6 {[%emt 0:00:00]} 3. Nc3 {[%emt 0:00:00]} Nf6 {[%emt 0:00:00]} 4. Bb5 {[%emt 0:00:03]} Bc5 {[%emt 0:00:07]} 5. O-O {[%emt 0:00:21]} O-O {[%emt 0:00:08]} 6. Nxe5 {[%emt 0:00:57]} Nxe5 {[%emt 0:00:15]} 7. d4 {[%emt 0:00:04]} Bd6 {[%emt 0:00:13]} 8. f4 {[%emt 0:00:12]} Neg4 {[%emt 0:01:28]} 9. e5 {[%emt 0:00:06]} Bb4 {[%emt 0:00:17]} 10. f5 {[%emt 0:02:05]} Re8 {[%emt 0:02:08]} 11. exf6 {[%emt 0:03:29]} Nxf6 {[%emt 0:00:15]} 12. Bg5 {[%emt 0:01:34]} c6 {[%emt 0:01:27]} 13. Bd3 {[%emt 0:01:05]} d5 {[%emt 0:00:23]} 14. Kh1 {[%emt 0:07:27]} Bd7 {[%emt 0:05:29]} 15. Qf3 {[%emt 0:10:28]} h6 {[%emt 0:05:24]} 16. Bh4 {[%emt 0:01:21]} Be7 {[%emt 0:07:33]} 17. Rae1 {[%emt 0:05:48]} Nh7 {[%emt 0:19:42]} 18. Bxe7 {[%emt 0:11:58]} Rxe7 {[%emt 0:00:21]} 19. Re5 {[%emt 0:00:51]} Re8 {[%emt 0:13:14]} 20. Ne2 {[%emt 0:05:06]} Qb6 {[%emt 0:05:45]} 21. b3 {[%emt 0:04:41]} Nf6 {[%emt 0:01:08]} 22. h3 {[%emt 0:01:51]} a5 {[%emt 0:02:32]} 23. c3 {[%emt 0:01:54]} c5 {[%emt 0:04:32]} 24. Re1 {[%emt 0:14:58]} cxd4 {[%emt 0:10:00]} 25. Nxd4 {[%emt 0:01:43]} Rxe5 {[%emt 0:00:56]} 26. Rxe5 {[%emt 0:00:01]} Qc7 {[%emt 0:01:35]} 27. Qe3 {[%emt 0:18:08]} Qxc3 {[%emt 0:01:50]} 28. Bb5 {[%emt 0:03:40]} Qxe3 {[%emt 0:06:01]} 29. Rxe3 {[%emt 0:00:02]} Bxb5 {[%emt 0:00:02]} 30. Nxb5 {[%emt 0:00:00]} Re8 {[%emt 0:00:47]} 31. Rc3 {[%emt 0:00:38]} Ne4 {[%emt 0:03:09]} 32. Rc7 {[%emt 0:02:09]} Ng3+ {[%emt 0:00:41]} 33. Kg1 {[%emt 0:00:30]} Nxf5 {[%emt 0:00:21]} 34. Kf2 {[%emt 0:01:56]} Re7 {[%emt 0:01:03]} 35. Rc8+ {[%emt 0:00:18]} Kh7 {[%emt 0:00:15]} 36. Rd8 {[%emt 0:00:11]} Ne3 {[%emt 0:01:29]} 37. Kf3 {[%emt 0:00:37]} f6 {[%emt 0:04:06]} 38. Nc3 {[%emt 0:00:53]} Re5 {[%emt 0:00:33]} 39. Rd7 {[%emt 0:00:34]} b6 {[%emt 0:00:13]} 40. g4 {[%emt 0:00:00]} d4 {[%emt 0:00:00]} 41. Rxd4 {[%emt 0:03:06]} Nc2 {[%emt 0:04:15]} 42. Re4 {[%emt 0:00:20]} Rxe4 {[%emt 0:02:24]} 43. Kxe4 {[%emt 0:00:13]} Kg6 {[%emt 0:00:13]} 44. Nd5 {[%emt 0:01:15]} b5 {[%emt 0:03:38]} 45. h4 {[%emt 0:02:45]} a4 {[%emt 0:09:24]} 46. bxa4 1/2-1/2

[Event "12th Maria Albulet Memorial 2019"]
[Site "Braila"]
[Date "2019.10.02"]
[Round "1.5"]
[White "Anghel, Maria"]
[Black "Rakhmangulova, Anastasiya"]
[Result "0-1"]
[WhiteElo "1743"]
[BlackElo "2186"]
[Annotator "NA"]
[PlyCount "60"]
[EventDate "2019.10.02"]
[EventType "swiss"]
[EventCountry "ROU"]
[SourceTitle "playchess.com"]
[Source "ChessBase"]
[SourceQuality "1"]
[TimeControl "40/5400+30:900+30"]

1. d4 {[%emt 0:00:00]} d5 {[%emt 0:00:00]} 2. Nf3 {[%emt 0:00:00]} Nf6 {[%emt 0:00:19]} 3. c4 {[%emt 0:00:00]} dxc4 {[%emt 0:03:29]} 4. e3 {[%emt 0:02:14]} Bg4 {[%emt 0:13:26]} 5. Bxc4 {[%emt 0:03:58]} e6 {[%emt 0:00:10]} 6. h3 {[%emt 0:03:37]} Bh5 {[%emt 0:04:11]} 7. Nc3 {[%emt 0:06:48]} c6 {[%emt 0:01:55]} 8. O-O {[%emt 0:02:14]} Be7 {[%emt 0:00:49]} 9. Qe2 {[%emt 0:01:09]} Nbd7 {[%emt 0:05:45]} 10. Rd1 {[%emt 0:01:55]} Qc7 {[%emt 0:03:47]} 11. e4 {[%emt 0:04:50]} O-O {[%emt 0:12:42]} 12. Bg5 {[%emt 0:07:36]} b5 {[%emt 0:06:27]} 13. Bb3 {[%emt 0:05:09]} b4 {[%emt 0:02:19]} 14. Na4 {[%emt 0:06:12]} e5 {[%emt 0:00:52]} 15. Qe3 {[%emt 0:21:32]} Rfe8 {[%emt 0:19:37]} 16. d5 {[%emt 0:03:22]} cxd5 {[%emt 0:05:15]} 17. Bxd5 {[%emt 0:05:46]} Bxf3 {[%emt 0:01:13]} 18. gxf3 {[%emt 0:10:40]} Nxd5 {[%emt 0:00:38]} 19. Rxd5 {[%emt 0:00:49]} Bxg5 {[%emt 0:04:59]} 20. Qxg5 {[%emt 0:00:12]} Nf6 {[%emt 0:00:04]} 21. Rdd1 {[%emt 0:02:03]} Qe7 {[%emt 0:01:27]} 22. Kh2 {[%emt 0:02:45]} h6 {[%emt 0:00:59]} 23. Qh4 {[%emt 0:01:52]} Rac8 {[%emt 0:01:08]} 24. Rac1 {[%emt 0:03:26]} Red8 {[%emt 0:00:50]} 25. Rxc8 {[%emt 0:01:36]} Rxc8 {[%emt 0:00:04]} 26. Rd2 {[%emt 0:02:27]} Qc7 {[%emt 0:00:08]} 27. Qg3 {[%emt 0:00:38]} Nh5 {[%emt 0:02:29]} 28. Qg1 {[%emt 0:00:36]} Nf4 {[%emt 0:00:52]} 29. Qd1 {[%emt 0:00:31]} Qe7 {[%emt 0:00:25]} 30. b3 {[%emt 0:00:31]} Qe6 {[%emt 0:00:36]} 0-1

[Event "12th Maria Albulet Memorial 2019"]
[Site "Braila"]
[Date "2019.10.02"]
[Round "1.6"]
[White "Cosman, Andreea-Marioara"]
[Black "Maria, Lia-Alexandra"]
[Result "1-0"]
[WhiteElo "2165"]
[BlackElo "1602"]
[Annotator "NA"]
[PlyCount "67"]
[EventDate "2019.10.02"]
[EventType "swiss"]
[EventCountry "ROU"]
[SourceTitle "playchess.com"]
[Source "ChessBase"]
[SourceQuality "1"]
[TimeControl "40/5400+30:900+30"]

1. d4 {[%emt 0:00:00]} Nf6 {[%emt 0:00:00]} 2. c4 {[%emt 0:00:00]} e6 {[%emt 0:00:00]} 3. Nc3 {[%emt 0:00:00]} Bb4 {[%emt 0:00:07]} 4. e3 {[%emt 0:00:00]} c5 {[%emt 0:00:37]} 5. Nge2 {[%emt 0:00:00]} O-O {[%emt 0:02:13]} 6. a3 {[%emt 0:03:53]} Bxc3+ {[%emt 0:03:57]} 7. Nxc3 {[%emt 0:00:08]} cxd4 {[%emt 0:02:04]} 8. exd4 {[%emt 0:00:09]} d5 {[%emt 0:03:50]} 9. c5 {[%emt 0:04:22]} Re8 {[%emt 0:06:57]} 10. Bf4 {[%emt 0:03:32]} Nc6 {[%emt 0:13:42]} 11. Bb5 {[%emt 0:05:56]} Bd7 {[%emt 0:06:22]} 12. O-O {[%emt 0:01:29]} a6 {[%emt 0:02:05]} 13. Be2 {[%emt 0:04:49]} b5 {[%emt 0:06:31]} 14. b4 {[%emt 0:07:13]} h6 {[%emt 0:07:00]} 15. Re1 {[%emt 0:09:01]} Ne7 {[%emt 0:04:38]} 16. a4 {[%emt 0:12:36]} bxa4 {[%emt 0:02:35]} 17. Nxa4 {[%emt 0:00:13]} Bb5 {[%emt 0:00:43]} 18. Nb6 {[%emt 0:01:07]} Bxe2 {[%emt 0:00:51]} 19. Qxe2 {[%emt 0:04:39]} Ra7 {[%emt 0:00:32]} 20. Rxa6 {[%emt 0:00:42]} Rxa6 {[%emt 0:00:25]} 21. Qxa6 {[%emt 0:00:08]} Nc6 {[%emt 0:00:11]} 22. b5 {[%emt 0:11:31]} Nb4 {[%emt 0:01:30]} 23. Qa7 {[%emt 0:03:12]} Nd3 {[%emt 0:00:48]} 24. Bc7 {[%emt 0:00:09]} Qe7 {[%emt 0:01:03]} 25. Ra1 {[%emt 0:07:02]} Nxc5 {[%emt 0:03:43]} 26. dxc5 {[%emt 0:02:01]} Qxc5 {[%emt 0:00:08]} 27. Nc8 {[%emt 0:06:03]} Qc3 {[%emt 0:01:48]} 28. Nd6 {[%emt 0:01:01]} Re7 {[%emt 0:01:05]} 29. b6 {[%emt 0:00:12]} Nd7 {[%emt 0:00:28]} 30. Qa3 {[%emt 0:00:37]} Qc6 {[%emt 0:00:56]} 31. Nc8 {[%emt 0:00:55]} Re8 {[%emt 0:00:23]} 32. Ne7+ {[%emt 0:00:10]} Rxe7 {[%emt 0:00:19]} 33. Qxe7 {[%emt 0:00:09]} Nxb6 {[%emt 0:00:06]} 34. Qd8+ {[%emt 0:00:07]} 1-0

[Event "12th Maria Albulet Memorial 2019"]
[Site "Braila"]
[Date "2019.10.02"]
[Round "1.7"]
[White "Pitigoi, Sabina-Andreea"]
[Black "Lehaci, Miruna-Daria"]
[Result "0-1"]
[WhiteElo "1490"]
[BlackElo "2131"]
[Annotator "NA"]
[PlyCount "72"]
[EventDate "2019.10.02"]
[EventType "swiss"]
[EventCountry "ROU"]
[SourceTitle "playchess.com"]
[Source "ChessBase"]
[SourceQuality "1"]
[TimeControl "40/5400+30:900+30"]

1. d4 {[%emt 0:00:00]} Nf6 {[%emt 0:00:00]} 2. c4 {[%emt 0:00:00]} e6 {[%emt 0:00:00]} 3. Nf3 {[%emt 0:00:00]} b6 {[%emt 0:00:00]} 4. a3 Ba6 5. Qc2 {[%emt 0:02:02]} Bb7 {[%emt 0:00:07]} 6. Nc3 {[%emt 0:01:09]} c5 {[%emt 0:00:12]} 7. e4 {[%emt 0:02:21]} cxd4 {[%emt 0:02:34]} 8. Nxd4 {[%emt 0:00:06]} Bc5 {[%emt 0:02:34]} 9. Nb3 {[%emt 0:01:07]} Nc6 {[%emt 0:06:01]} 10. Nxc5 {[%emt 0:10:20]} bxc5 {[%emt 0:00:04]} 11. Be3 {[%emt 0:07:26]} Nd4 {[%emt 0:02:36]} 12. Qd3 {[%emt 0:06:20]} e5 {[%emt 0:13:27]} 13. f3 {[%emt 0:11:27]} O-O {[%emt 0:01:57]} 14. b4 {[%emt 0:06:16]} d6 {[%emt 0:03:07]} 15. Qb1 {[%emt 0:02:46]} a6 {[%emt 0:07:33]} 16. Bd3 {[%emt 0:03:25]} Rb8 {[%emt 0:03:05]} 17. O-O {[%emt 0:03:29]} Bc6 {[%emt 0:04:39]} 18. Nd5 h6 {[%emt 0:04:18]} 19. Qe1 {[%emt 0:11:03]} Ba4 {[%emt 0:05:37]} 20. Qg3 {[%emt 0:08:18]} Bc2 {[%emt 0:08:46]} 21. Bxd4 {[%emt 0:13:14]} Bxd3 {[%emt 0:00:06]} 22. Be3 {[%emt 0:02:48]} Nxd5 {[%emt 0:03:34]} 23. cxd5 {[%emt 0:02:26]} Bxf1 {[%emt 0:00:27]} 24. Kxf1 {[%emt 0:01:20]} cxb4 {[%emt 0:02:48]} 25. axb4 {[%emt 0:00:18]} Kh7 {[%emt 0:01:46]} 26. Rxa6 {[%emt 0:02:26]} Rxb4 {[%emt 0:00:09]} 27. Qe1 {[%emt 0:00:54]} Qb8 {[%emt 0:00:23]} 28. Ra1 {[%emt 0:01:35]} Rb2 {[%emt 0:00:18]} 29. Kg1 {[%emt 0:00:48]} Rc8 {[%emt 0:00:27]} 30. Ba7 {[%emt 0:00:38]} Qb5 {[%emt 0:00:30]} 31. Qf1 {[%emt 0:00:46]} Qb3 {[%emt 0:01:11]} 32. Qd1 {[%emt 0:00:38]} Rcc2 {[%emt 0:00:19]} 33. Bf2 {[%emt 0:00:27]} Qb8 {[%emt 0:01:00]} 34. Bg3 {[%emt 0:00:30]} Rxg2+ {[%emt 0:00:11]} 35. Kh1 {[%emt 0:00:10]} Qc8 {[%emt 0:01:02]} 36. Qd3 {[%emt 0:00:56]} Qh3 {[%emt 0:00:11]} 0-1

[Event "12th Maria Albulet Memorial 2019"]
[Site "Braila"]
[Date "2019.10.02"]
[Round "1.8"]
[White "Petrenko, Svetlana"]
[Black "Paraschiv, Petronela-Alexandra"]
[Result "1-0"]
[WhiteElo "2112"]
[BlackElo "1829"]
[Annotator "NA"]
[PlyCount "57"]
[EventDate "2019.10.02"]
[EventType "swiss"]
[EventCountry "ROU"]
[SourceTitle "playchess.com"]
[Source "ChessBase"]
[SourceQuality "1"]
[TimeControl "40/5400+30:900+30"]

1. d4 {[%emt 0:00:00]} e6 {[%emt 0:00:00]} 2. g3 {[%emt 0:00:00]} Nf6 {[%emt 0:00:17]} 3. Bg2 {[%emt 0:00:01]} c5 {[%emt 0:00:37]} 4. e3 {[%emt 0:01:01]} d6 {[%emt 0:01:10]} 5. Ne2 {[%emt 0:00:34]} Be7 {[%emt 0:00:55]} 6. O-O {[%emt 0:00:22]} Qc7 {[%emt 0:01:43]} 7. b3 {[%emt 0:01:23]} Bd7 {[%emt 0:01:17]} 8. c4 {[%emt 0:01:49]} Na6 {[%emt 0:03:58]} 9. Nbc3 {[%emt 0:02:57]} O-O-O {[%emt 0:03:13]} 10. Nb5 {[%emt 0:03:39]} Qb8 {[%emt 0:11:44]} 11. Bb2 {[%emt 0:04:03]} Ne8 {[%emt 0:01:26]} 12. e4 {[%emt 0:05:32]} Nac7 {[%emt 0:06:11]} 13. a4 {[%emt 0:00:43]} a6 {[%emt 0:04:09]} 14. Nbc3 {[%emt 0:00:55]} cxd4 {[%emt 0:04:00]} 15. Nxd4 {[%emt 0:01:35]} Bc6 {[%emt 0:00:27]} 16. b4 {[%emt 0:05:53]} Bf6 {[%emt 0:05:23]} 17. b5 {[%emt 0:00:55]} Bxd4 {[%emt 0:02:29]} 18. Qxd4 {[%emt 0:00:14]} e5 {[%emt 0:00:45]} 19. Qe3 {[%emt 0:07:19]} Bd7 {[%emt 0:00:57]} 20. b6 {[%emt 0:01:12]} Ne6 {[%emt 0:00:52]} 21. Nd5 {[%emt 0:00:12]} Bc6 {[%emt 0:01:29]} 22. Bh3 {[%emt 0:00:43]} Kd7 {[%emt 0:05:08]} 23. f4 {[%emt 0:00:21]} f6 {[%emt 0:03:48]} 24. fxe5 {[%emt 0:01:38]} dxe5 {[%emt 0:01:06]} 25. c5 {[%emt 0:02:14]} Rf8 {[%emt 0:07:17]} 26. Rfd1 {[%emt 0:00:15]} f5 {[%emt 0:04:52]} 27. exf5 {[%emt 0:01:18]} Bxd5 {[%emt 0:01:00]} 28. Rxd5+ {[%emt 0:00:53]} Kc6 {[%emt 0:01:33]} 29. Rxe5 {[%emt 0:00:12]} 1-0